00454nam a22001577a 450000500170000001000140001702000260003103500130005703700130007008200110008310000220009424500660011626000340018227000460021630000340026220100723124017.0 aENG-96595 a9788120338142c125.00 aEN-80128 bDBAD/PUB a660.65 aVennison, S. John aLaboratory manual for genetic engineering /cby John Vennison aNew DelhibPHI Learningc2009 aM-97, Connaught circusbNew Delhie110001 avii, 124p.:bill.c24cm (pbk)